| 000 | 00377 a2200145 4500 | ||
|---|---|---|---|
| 003 | OSt | ||
| 005 | 20260313152153.0 | ||
| 008 | 260313b |||||||| |||| 00| 0 eng d | ||
| 040 | _ccsl | ||
| 100 |
_aBohm, Gerhard _91131982 |
||
| 245 | _aIntroduction to statistics and data analysis for physicists | ||
| 250 | _a4th | ||
| 260 |
_bWorld scientific _c2025 |
||
| 942 |
_cTEXL _2CC |
||
| 999 |
_c1715338 _d1715338 |
||